Ben, Claudius (Record no. 1032)

MARC details
000 -BAŞLIK
Sabit Uzunlukta Kontrol Alanı 00770na a2200253 4500
001 - KONTROL NUMARASI
Denetim Alanı 16010
003 - KONTROL NUMARASI IDENTIFIER
Denetim Alanı MIRAKIL
005 - SON İŞLEM TARİHİ VE ZAMANI
Denetim Alanı 20181213154810.0
008 - SABİT-BOY VERİ ELEMANLARI - GENEL BİLGİLER
Sabit Uzunlukta Kontrol Alanı 161001b tu 000 0
020 ## - ULUSLARARASI STANDART KİTAP NUMARASI
Uluslararası Standart Kitap Numarası 9786053323969
040 ## - KATALOGLAMA KAYNAK
Orijinal Kataloglama Ajansı Milas
Kataloglama Dili tur
Metne Dönüştürmek Ajansı TR-AnCHP
082 ## - DEWEY ONLU SINIFLANDIRMA NUMARASI
Sınıflandırma Numarası 823.8
Ürün Numarası G62b 2015
090 ## - SINIFLAMA NUMARASI
Sınıflama Numarası 823.8 G62b 2015
100 ## - ANA GİRİŞ - KİŞİSEL İSİM
Kişisel Ad Graves, Robert
245 ## - BAŞLIK TABLOSU
Başlık Ben, Claudius
Sorumluluk Tablosu, Vb Robert Graves ; ingilizce aslından çeviren Dost Körpe
260 ## - YAYIN, DAĞITIM, VB
Yayın, Dağıtım, Vb Yeri İstanbul
Yayıncı, Dağıtıcı, Vs Adı Türkiye iş bankası kültür yayınları
Yayın, Dağıtım, Vb Tarihi 2015
300 ## - FİZİKSEL TANIM
Kapsam 510 s.
Diğer Fiziksel Ayrıntıları xi, xii, xiii.
Boyutlar 19 sm.
490 ## - SERİSİ TABLOSU
Seri Beyanı Modern klasikler dizisi
Hacim / Ardışık Tanımı 50
500 ## - GENEL NOT
Genel Not Eserin özgün adı: I' Claudius
650 ## - KONU KATMA GİRİŞ - TOPİKAL DÖNEM
Topikal Süreli Veya Coğrafi Ad Giriş Elemanı İngiliz edebiyatı
Genel Alt Bölümü Roman
700 ## - KATMA GİRİŞ - KİŞİSEL İSİM
Kişisel Ad Körpe, Dost
942 ## - EKLENDİ GİRİŞ ELEMANLARI (KOHA)
Sınıflandırma Veya Raf Düzeni Kaynak
Koha Öğesi Türü Books
999 ## - SİSTEM KONTROL NUMARALARI (KOHA)
Koha Biblionumber 1032
Koha Biblioitemnumber 1032
657 ## - INDEX SÜRE - İŞLEVİ
-- Modern klasikler
Holdings
Kalıcı Konum Mevcut Konum Edinme Tarihi Edinim Kaynak Toplam Check-Out'Lar Toplam Yenileme Tam Çağrı Numarası Barkod Tarih Son Görülme Tarihi Geçen Teslim İtibaren Geçerli Fiyatlar Koha Öğesi Türü
CHP Kütüphanesi CHP Kütüphanesi 09/28/2016 Bağış 1 2 823.8 G62b 2015 004291 10/10/2019 08/09/2019 09/28/2016 Books